|
|
|
|
| LEADER |
01875nam a2200349 a 4500 |
| 001 |
mzk03001026008 |
| 003 |
CZ BrMZK |
| 005 |
20050720141403.0 |
| 007 |
ta |
| 008 |
050720s1757 au d fr|||||00| ||latod |
| 040 |
|
|
|a BOA001
|b cze
|
| 041 |
1 |
|
|a lat
|h fre
|
| 072 |
|
7 |
|a 094
|x Staré tisky
|2 Konspekt
|9 12
|
| 080 |
|
|
|a (0.068)094
|2 MRF
|
| 100 |
1 |
|
|a La Caille, Nicolas-Louis de,
|d 1713-1762
|7 mzk2007401426
|4 aut
|
| 245 |
1 |
0 |
|a Lectiones elementares opticae /
|c Clarissimi viri D. de La Caille, Academiae Regiae Scientiarum Parisinae, Suecicae, et Borussicae, nec non Instituti Bononiensis Membri, ac Professoris Matheseos in Collegio Mazariniani Parisiis; Ex editione Parisina anni MDCCLVI in Latinum traductae a C.S. e S.J. quibus auctarii loco accessit brevis theoria Micrometri objectivi a R.P. Rogerio Josepho Boscovich, e S.J. in Collegio Romano Matheseos Professore Concinnata M. DCC. LVII
|
| 260 |
|
|
|a Viennae Austriae :
|b Typis Joannis Thomae Trattner, Caes. Reg. Aulae Typographi et Bibliopolae,
|c 1757
|
| 300 |
|
|
|a [8], 150, [1] s., XIII příl. ;
|c 4°
|
| 500 |
|
|
|a Výzdoba: Signet "Altius" - "Labore et Favore", vlys, viněty, iniciály, v textu matematické výpočty a tabulky, na mědirytinových přílohách geometrické konstrukce
|
| 501 |
|
|
|a Přívazek k: Lectiones elementares astronomiae geometricae, et physicae ... / Nicolas Louis de La Caille
|
| 655 |
|
7 |
|a staré tisky
|7 fd422076
|2 czenas
|
| 700 |
1 |
|
|a Scherffer, Karl,
|d 1716-1783
|7 ola2007404610
|4 trl
|
| 700 |
1 |
|
|a Bošković, Ruđer Josip,
|d 1711-1787
|7 ola2002153885
|4 aut
|
| 903 |
|
|
|a RP
|
| 910 |
|
|
|a BOA001
|b ST2-0016.557,přív.
|
| 978 |
|
|
|b Trattner, Johann Thomas von
|a Wien
|c 1757
|
| 984 |
|
|
|a Vídeň
|b Rakousko
|
| 985 |
|
|
|a 1751-1800
|
| 990 |
|
|
|a BK
|
| 993 |
|
|
|a Y
|
| 991 |
|
|
|k mzk
|
| 994 |
|
|
|a UP
|l MZK03
|b 001026004
|m přívazek
|n záznam 1. díla (pro objednání pokračujte kliknutím)
|